Normal view
MARC view
- Abdul Haseeb Raja
Entry Personal Name
001 - CONTROL NUMBER
- control field: 93187
003 - CONTROL NUMBER IDENTIFIER
- control field: NUST
005 - DATE AND TIME OF LATEST TRANSACTION
- control field: 20220706111456.0
008 - FIXED-LENGTH DATA ELEMENTS
- fixed length control field: 220706|| aca||aabn | a|a d
040 ## - CATALOGING SOURCE
- Original cataloging agency: NUST
- Transcribing agency: NUST
100 ## - HEADING--PERSONAL NAME
- Personal name: Abdul Haseeb Raja
670 ## - SOURCE DATA FOUND
- Source citation: Work cat.: (NUST)13055: Abdul Haseeb Raja, Educational data mining over learning management system, 2014
